Teaching grammar punctuation and spelling in primary school

Збережено в:
Бібліографічні деталі
Автор: WAUGH, David
Формат: Книга
Мова:Англійська
Опубліковано: Sage Publications, 2016.
Теги: Додати тег
Немає тегів, Будьте першим, хто поставить тег для цього запису!

MARC

LEADER 00000nam a22000007a 4500
008 210819b ||||| |||| 00| 0 eng d
020 |a 978-1-4739-4225-7 
100 |a WAUGH, David. 
245 |a Teaching grammar punctuation and spelling in primary school  |c  David Waugh, Claire Warner and Rosemary Waugh.  |e Transforming primary QTS  |g vii, 230p. : ill. 
250 |b 2nd ed. 
260 |b Sage Publications,   |c 2016.   |h Los Angeles:   |i 592505   |i 692506   |l LB1576 W35  |m Language arts (Primary) – Great Britain.   |m English language – Grammar – Study and teaching (Primary) – Great Britain.   |m English language – Punctuation – Study and teaching (Primary) – Great Britain.   |m English language – Orthography and spelling - Study and teaching (Primary) – Great Britain. 
500 |a “It includes references and index”. 
942 |a lcc  |c BK  |e Adeniran, F. A  |f 19/08/2021 
952 |0 0  |1 0  |2 lcc  |4 0  |6 LB1576 W35  |7 0  |9 3151  |a HOL  |b ED  |c LP  |d 2021-08-19  |l 0  |o LB1576 W35  |p 2021-66849  |r 2021-08-19 00:00:00  |w 2021-08-19  |y BK 
952 |0 0  |1 0  |2 lcc  |4 0  |6 LB1576 W35  |7 0  |9 3152  |a HOL  |b HOL  |c LP  |d 2021-08-19  |l 0  |o LB1576 W35  |p 2021-66850  |r 2021-08-19 00:00:00  |w 2021-08-19  |y BK 
999 |c 1594  |d 1594